Born in Tyler/Texas - Statistics

General Stats
  • This quiz has been taken 7 times
  • The average score is 4 of 6
Answer Stats
Hint Answer % Correct
Former quarterback who played for the Cleveland Browns, during his time at Texas A&M he won the Heisman Trophy in 2012 1992 Johnny Manziel
100%
Quarterback who plays for the Kansas City Chiefs and NFL MVP 2018 1995 Patrick Mahomes
100%
Actor and singer, best remembered for his role as Sam in "Casablanca" 1886 Dooley Wilson
60%
Hall of Fame running back who played for the Houston Oilers and New Orleans Saints, he was named NFL MVP in 1979 1955 Earl Campbell
60%
Singer, "Twerk It Like Miley" "Golden" " 1983 Brandon Beal
40%
Sprinter who won a gold medal in the 4 x 100 m relay and a silver medal in the 100 m final at the 1972 Olympics 1948 Robert Taylor
40%
No matching quizzes found
Score Distribution
Percent of People with Each Score
Percentile by Number Answered
Your Score History
You have not taken this quiz